Drużyny grające na Klubowych Mistrzostwach Świata w Piłce Nożnej 2025 - Statystyki

Ogólne statystyki
  • Ten quiz został rozwiązany 40 razy
  • Średni wynik to 15 z 32
Statystyki odpowiedzi
Konfederacja Klub % Poprawnych
UEFA Real Madryt
94%
UEFA Inter Mediolan
91%
UEFA Manchester City F.C.
88%
UEFA Paris Saint-Germain F.C.
88%
UEFA Bayern Monachium
81%
Host Inter Miami
81%
UEFA Chelsea F.C.
78%
UEFA Atlético Madryt
75%
AFC Al-Hilal
72%
UEFA Juventus F.C.
72%
UEFA Borussia Dortmund
66%
UEFA SL Benfica
66%
UEFA FC Porto
53%
UEFA Red Bull Salzburg
47%
CONMEBOL CA Boca Juniors
44%
CONMEBOL CR Flamengo
44%
CONMEBOL CA River Plate
38%
CAF Al-Ahly Kair
34%
CONMEBOL Botafogo
34%
AFC Urawa Red Diamonds
34%
CONCACAF CF Pachuca
28%
CONCACAF Seattle Sounders FC
28%
CONMEBOL SE Palmeiras
28%
OFC Auckland City FC
25%
CONMEBOL Fluminense FC
25%
CONCACAF CF Monterrey
22%
AFC Al-Ain FC
19%
CAF Wydad Casablanca
19%
CONCACAF Club León
16%
CAF Espérance Tunis
16%
AFC Ulsan HD FC
13%
CAF Mamelodi Sundowns FC
9%
Nie znaleziono quizów pasujących do podanych kryteriów
Rozkład punktacji
Procent ludzi z każdym wynikiem
Percentyl według liczby udzielonych odpowiedzi
Twoja historia wyników
Nie rozwiązałeś tego quizu